Feature Engineering for ML
Zapisane w:
| 1. autor: | |
|---|---|
| Format: | Książka |
| Wydane: |
shroff
|
| Hasła przedmiotowe: | |
| Etykiety: |
Nie ma etykietki, Dołącz pierwszą etykiete!
|
MARC
| LEADER | 00000nam a2200000Ia 4500 | ||
|---|---|---|---|
| 005 | 20260427112724.0 | ||
| 526 | |b Data Science | ||
| 100 | |a Alice Zheng | ||
| 020 | |a 9789352137114 | ||
| 650 | |a Machine Learning | ||
| 526 | |a Bachelors | ||
| 942 | |c BK | ||
| 245 | |a Feature Engineering for ML | ||
| 260 | |b shroff | ||
| 999 | |c 113 |d 113 | ||
| 952 | |0 0 |1 0 |4 0 |7 0 |8 2 |a BRISTOL |b BRISTOL |d 2026-04-22 |l 0 |p 000065 |r 2026-04-27 11:27:24 |w 2026-04-27 |y BK | ||